000 00585nam a2200193 a 4500
001 000004120
005 20200929150720.0
008 090717s2008 dr 001 0 spa d
020 _a9789993466116
040 _aDO-SdBNP
_bspa BNPHU
090 _a303.38
_bP437o
100 1 _aPereyra, Héctor,
_d1960
_912233
245 1 0 _aOpinión pública /
_cHéctor Pereyra.
260 _aSanto Domingo,
_c2008.
_fEduprogreso
300 _a316 p. ;
_c23 cm.
500 _aIncluye datos biográficos del autor
650 4 _aOpinión pública
_9423
700 1 _aGermán, Alejandrina,
_eprólogo
_912096
999 _c3937
_d3937